El Trabajo de los inmigrantes irregulares un estudio jurisprudencial /

Detalles Bibliográficos
Autor principal: Marn̕ Marn̕, Još
Otros Autores: Gallego Moya, Fermn̕
Formato: Libro
Lenguaje:español
Publicado: Albacete : Bomarzo, 2005
Colección:Bs̀icos de derecho social ; 15
Materias:
Acceso en línea:Acceso restringido

MARC

LEADER 00000nam a2200000 a 4500
005 20111223123857.0
007 cr|||| ||||
008 051004s2005 sp |||||| 000 ||spa|c
017 |a DL AB. 300-2005 
020 |a 848697772X 
035 |a 5934 
040 |d vLex 
090 |c 2870  |d 2870 
100 1 |a Marn̕ Marn̕, Još 
245 1 3 |a El Trabajo de los inmigrantes irregulares   |h [Recurso electrn̤ico] :  |b un estudio jurisprudencial /  |c Jos ̌Marn̕ Marn̕, Fermn̕ Gallego Moya 
256 |a Servicio en ln̕ea 
260 |a Albacete :  |b Bomarzo,  |c 2005 
300 |a 1 recurso electrn̤ico 
506 1 |a Contenido solo disponible en los productos indicados  |d vLex Global   |d vLex Global (Academic Edition, excluding Law Schools)   |d vLex Global (U.S. Academic Edition, Law Schools)   |d vLex Global (U.S. Academic Edition, excluding Law Schools)   |d vLex Global (Academic Edition, Law Schools)  
650 0 4 |a Trabajadores extranjeros  |z Espaą 
650 0 4 |a Immigrantes  |x Trabajo  |z Espaą 
700 1 |a Gallego Moya, Fermn̕ 
740 0 |a vLex Libros (Servicio en ln̕ea) 
830 0 |a Bs̀icos de derecho social ;  |v 15 
856 4 0 |u http://vlex.com/source/trabajo-inmigrantes-irregulares-estudio-jurisprudencial-5934  |z Acceso restringido 
942 |c BOOK 
999 0 |a Alien labor 
999 0 |a Labor laws and legislation